| 000 | 00713nam a22000977a 4500 | ||
|---|---|---|---|
| 008 | 160509b xxu||||| |||| 00| 0 eng d | ||
| 100 | _aJuhl, Mogens | ||
| 245 | _aHaandbog over Danmarks staalstukne frimaerker, 1933-1948 | ||
| 260 |
_aKobenhavn _bM. Juhl (J.H. Schultz Universitetsbogtrykkeri A/S _c1948 |
||
| 650 | _aDenmark | 1933-1948 | 20th Century | Production | Engraving | Errors and Varieties | Printing | Sheets and Panes | Definitive Issues | Booklets and Minipacks | Commemorative Issues | Parcel Post | Semi-postal Issues | Plate Blocks and Numbers | Marginal Markings and Imprints | Blocks | Provisionals and Forerunners Overprints and Surcharges | Faroe Islands | Greenland | Island | Catalogs and Price Lists | ||
| 999 |
_c2004 _d2004 |
||